| 000 -LEADER |
| fixed length control field |
00726cam a2200217 a 4500 |
| 005 - DATE AND TIME OF LATEST TRANSACTION |
| control field |
20131112083042.0 |
| 008 - FIXED-LENGTH DATA ELEMENTS--GENERAL INFORMATION |
| fixed length control field |
820914s1982 gw a b 000 0 eng |
| 020 ## - INTERNATIONAL STANDARD BOOK NUMBER |
| International Standard Book Number |
0387119434 |
| 041 0# - LANGUAGE CODE |
| Language code of text/sound track or separate title |
eng |
| 080 ## - UNIVERSAL DECIMAL CLASSIFICATION NUMBER |
| Universal Decimal Classification number |
338.9 |
| 100 1# - Rafti |
| Rafti |
Ramanathan, Ramu, |
| 100 1# - Rafti |
| -- |
1936- |
| 245 10 - TITLE STATEMENT |
| Title |
Introduction to the theory of economic growth / |
| Statement of responsibility, etc |
Ramu Ramanathan. |
| 260 ## - |
| -- |
Berlin ; |
| -- |
New York : |
| -- |
Springer-Verlag, |
| -- |
1982. |
| 300 ## - |
| -- |
ix, 347 p. : |
| -- |
ill. ; |
| -- |
25 cm. |
| 490 1# - |
| -- |
Lecture notes in economics and mathematical systems ; |
| -- |
v. 205 |
| 500 ## - |
| -- |
Preface : f. [III] - V |
| 504 ## - BIBLIOGRAPHY, ETC. NOTE |
| Bibliography, etc |
Includes bibliographies. |
| 650 #0 - |
| -- |
Zhvillimi ekonomik |
| 830 #0 - |
| -- |
Lecture notes in economics and mathematical systems ; |
| -- |
205. |
| 942 ## - ADDED ENTRY ELEMENTS (KOHA) |
| Source of classification or shelving scheme |
|
| Item type |
Books |